000 00755nam a2200217Ia 4500
005 20250508162048.0
008 008 250505s9999 xx 000 0 eng d
020 _a0-423-50250-6
037 _aTextual
040 _aFEDL
_beng
_cFEDL
041 _aeng
_2eng
084 _a375, SCH
_qFEDL
100 _aRoss A M
_9738574
245 0 _aCurriculum in the middle years: The second report from the schools council middle years of schooling project department of educational research university of lancaster
260 _aLondon, UK
_bEvans Brothers Limited
_c1975
300 _a240p.
546 _aSchools council working paper 55
700 _a Razzell A G Badcock E H
_9772190
942 _cTEXL
_h375, SCH
999 _c1374138
_d1374138